Communes en "hausen" d'Alsace - Statistiques

Statistiques générales
  • Ce quiz a été pris 27 fois
  • Le résultat moyen est 11 sur 32
Réponses sur la Carte
Les réponses sont colorées sur une échelle allant du rouge au vert en fonction du pourcentage des utilisateurs qui les ont devinées à leur premier essai. Vous pouvez retrouver ces pourcentages ci-dessous.
 
Statistiques - réponses
Arrondissement Commune % Correct
Colmar Houssen (Hausen)
95%
Mulhouse Mulhouse
55%
Erstein Westhouse
50%
Saverne Westhouse-Marmoutier
50%
Strasbourg Mittelhausen
45%
Guebwiller Munchhouse
45%
Erstein Nordhouse
45%
Erstein Osthouse
45%
Strasbourg Schaffhausen
45%
Wissembourg Schaffhouse
45%
Sélestat Sundhouse
45%
Haguenau Schweighausen-sur-Moder
40%
Thann Schweighouse
40%
Molsheim Lutzelhouse
35%
Wissembourg Munchhausen
35%
Strasbourg Issenhausen
30%
Saverne Mulhausen
30%
Altkirch Pfetterhouse
30%
Haguenau Wintershouse
30%
Thann Geishouse
25%
Haguenau Kaltenhouse
25%
Strasbourg Kurtzenhausen
25%
Strasbourg Lixhausen
25%
Saverne Bosselshausen
20%
Saverne Furchhausen
20%
Saverne Gottenhausen
20%
Wissembourg Kutzenhausen
20%
Ribeauvillé Le Bonhomme (Diedolshausen)
20%
Guebwiller Roggenhouse
20%
Strasbourg Wilshausen
20%
Strasbourg Mutzenhouse
15%
Altkirch Werentzhouse
15%
Aucun quiz correspondant
Distribution des résultats
% des personnes avec chaque résultat
Percentile par nombre de réponses
Votre historique - résultats
Vous n’avez pas pris ce quiz